| 000 | 00948nam a22002417a 4500 | ||
|---|---|---|---|
| 005 | 20210325180135.0 | ||
| 008 | s2541 th tha d | ||
| 020 | _a9748648737 | ||
| 041 | _atha | ||
| 050 | _aF1788.22.G85 ธ285ช 2541 | ||
| 100 | 0 | _aธเนศ วงศ์ยานนาวา | |
| 245 | 1 | 0 | _aเช เกวารา กับความตาย |
| 260 | 3 |
_aกรุงเทพฯ : _bนาคร, _c2541 |
|
| 300 |
_a153 หน้า : _b ภาพประกอบ ; _c 17 ซม. |
||
| 650 | 0 | 4 | _aกูวารา, เออร์เนสโต, ค.ศ. 1928--1967 |
| 650 | 0 | 4 | _aคิวบา -- การเมืองและการปกครอง |
| 650 | 0 | 4 | _aเกวารา, เออร์เนสโต, ค.ศ. 1928--1967 |
| 850 | _aNALT | ||
| 942 | _cGB | ||
| 997 | _a17223 | ||
| 997 | _c000000000008569 | ||
| 998 | _aนางสุกัญญา กัลยา | ||
| 999 |
_c8569 _d8569 |
||